| 000 | 00496 a2200169 4500 | ||
|---|---|---|---|
| 003 | OSt | ||
| 005 | 20240823101049.0 | ||
| 008 | 231019b |||||||| |||| 00| 0 eng d | ||
| 020 | _a9782745153180 | ||
| 040 | _coclc | ||
| 082 |
_a892.715 _bSHA/A |
||
| 100 | 1 |
_aShawqī, Aḥmad, _d1868-1932 _99766 |
|
| 245 |
_aal-Shawqīyāt / _cAhmed shooqi |
||
| 260 |
_bDar al kotob al ilmiyah, _aBeirut: _c2015. |
||
| 300 | _a744 p | ||
| 942 |
_2ddc _cBK _h892.715 _iSHA/A _k892.715 _mSHA/A |
||
| 999 |
_c42639 _d42639 |
||